000 01372nam a22003977a 4500
003 CHAP
005 20220817044159.0
008 070921d2006 it ad rn 00110 fre d
010 _a94011
011 _a94983
020 _a9789252052777
035 _a105586
040 _cCHAP
082 0 4 _a641.1
_bF63 f
110 2 _aFAO
245 1 0 _aMieux participer aux activités du Codex:
_bdocuments de formation FAO/OMS
_c/par FAO y Organización Mundial de la Salud
260 _aRome :
_bFAO,
_c2006
300 _a197 p. :
_bilus. ; recuadros ; + 1 disco compacto de 4 3/4 plgs.
490 0 _aFAO/OMS Documents de formation
582 8 _aConsultar el disco en la página web de la BC
590 _aBATCH-UPD
_b10
_c20130110
_lUCH01
_h1111
590 _aBATCH-UPD
_b10
_c20130410
_lUCH01
_h0702
590 _aBATCH-UPD
_b10
_c20130914
_lUCH01
_h0214
590 _aCONVERSION
_b10
_c20130109
_lUCH01
_h1352
650 1 4 _aAlimentos
_xIndustria.
_94227
650 1 4 _aAlimentos
_xNormas de calidad.
_94256
650 1 4 _aCapacitación.
_918690
650 1 4 _aEnseñanza.
_937085
650 1 4 _aSalud.
_9101807
710 0 _aOrganización Mundial de la Salud.
_983555
830 0 _aFAO/OMS Documents de formation
_939726
901 _aBK
905 _aMarco A. Mendoza T.
942 _cLIBRO
949 _a641.1 F63 f
_bBC
_cFAO
_d33724002036611
_eFAO1
_gDonaciØn
_h108825
_i105586
_sb
999 _c94011
_d94011